Countries Most Similar To United States - Statistics

General Stats
  • This quiz has been taken 460 times
  • The average score is 13 of 20
Answer Stats
Rank Country Score % Correct
1 Canada 79.2
98%
4 UK 69.7
93%
2 Australia 71.8
89%
7 France 65.1
89%
6 Germany 65.7
87%
10 Mexico 63.9
85%
5 Ireland 67.3
82%
13 Spain 63.5
82%
3 New Zealand 70.5
81%
17 Italy 62.5
75%
8 Norway 64.7
75%
15 Sweden 62.9
74%
11 Netherlands 63.8
65%
16 Belgium 62.6
59%
9 Switzerland 64.2
58%
12 Austria 63.6
52%
20 Luxembourg 61.4
36%
14 Bahamas 63.5
22%
19 Chile 61.8
20%
18 Trinidad and Tobago 62.3
6%
No matching quizzes found
Score Distribution
Percent of People with Each Score
Percentile by Number Answered
Your Score History
You have not taken this quiz